| 000 | 00908nam a2200265Ia 4500 | ||
|---|---|---|---|
| 005 | 20250425160742.0 | ||
| 008 | 250425s9999 xx 000 0 und d | ||
| 020 | _a9701010221 | ||
| 041 | _aspa | ||
| 043 | _amx | ||
| 082 | _a001.424 | ||
| 100 | _aHILLIER, FREDERICK S. | ||
| 245 | 0 | _aINTRODUCCION A LA INVESTIGACION DE OPERACIONES | |
| 250 | _a4A ED. | ||
| 260 | _aMEXICO | ||
| 260 |
_aMéxico _bMCGRAW-HILL _c1997 |
||
| 300 | _a998 | ||
| 520 | _aLA PRESENTE EDICION TIENE COMO PROPOSITO DEFINIR EL ENFOQUE MODERNO DE LA ENSEÑANZA DE LA INVESTIGACION DE OPERACIONES POR MEDIO DE UNA HERRAMIENTA CLAVE LA COMPUTADORA, CONTIENE 17 EJEMPLOS DE DEMOSTRACION, MAS DE 250 PROBLEMAS, SE INCLUYEN PREGUNTAS, SE | ||
| 650 | _aALGORITMOS INFORMATICOS | ||
| 650 | _aINVESTIGACION DE OPERACIONES | ||
| 650 | _aMARKOV, CADENAS DE | ||
| 650 | _aPROGRAMACION LINEAL | ||
| 942 | _c01 | ||
| 010 | _a4396 | ||
| 999 |
_c195422 _d195422 |
||